000 00321pab a2200133 454500
008 180718b1989 xxu||||| |||| 00| 0 eng d
245 _aSpecial issue on leadership and motivation
260 _c1989
300 _a235-369
362 _aSept.-Dec.
650 _aLeadership
773 _aPublic Enterprise
909 _a12398
999 _c12398
_d12398